A Train Load of Jokes and Anecdotes / (رقم التسجيلة. 89754)
[ عرض عادي ]
| 000 -الفاتح | |
|---|---|
| عناصر البيانات ثابتة الطول | 00449cam a2200145 i 4500 |
| 005 - تاريخ ووقت آخر معاملة | |
| حقل ضبط | 20260309133721.0 |
| 008 - عناصر البيانات ثابتة الطول | |
| عناصر البيانات ثابتة الطول | 250721s1992 ii gr 000 0 eng d |
| 082 14 - رقم تصنيف ديوي العشري | |
| رقم التصنيف | 827/ |
| رقم المادة | T R A |
| 245 12 - بيان العنوان | |
| العنوان | A Train Load of Jokes and Anecdotes / |
| بيان المسؤولية | Complaied and Ediyed by K .R. Vaidyanathan. |
| 250 ## - بيان الطبعة | |
| بيان الطبعة | Fifth Edition. |
| 264 31 - بيانات النشر، التوزيع…إلخ | |
| مكان النشر، التوزيع...إلخ | New Delhi : |
| اسم الناشر، الموزع...إلخ | USB Publishesrs Distributors Ltd, |
| تاريخ النشر، التوزيع...إلخ | 1992. |
| 300 ## - الوصف المادي | |
| عدد الوحدات المكونة للوعاء | 140 pages. |
| 942 ## - بيانات إضافية (كوها) | |
| نوع التنصيف | Dewey Decimal Classification |
| نوع المادة (كوها) | كتب |
| حالة السحب | حالة الفقدان | مصدر التصنيف | حالة التلف | غير قابل للإعارة | المكتبة الرئيسية | المكتبة الحالية | موقع الرف | تاريخ التزويد | رقم المخزون | Total Checkouts | رقم الإستدعاء | الباركود | تاريخ آخر ظهور | تاريخ الفاتورة | نوع المادة (كوها) |
|---|---|---|---|---|---|---|---|---|---|---|---|---|---|---|---|
| Dewey Decimal Classification | المكتبة المركزية | المكتبة المركزية | الإعارة | 28/07/2025 | 53154 | 827 / T R A | 53154 | 28/07/2025 | 28/07/2025 | كتب |